Miklós László környezetvédelmi miniszter: A harc most kezdődik

Bibliographic Details
Main Authors: Szabó, Géza, 1940- (ain), Miklós, László, 1949- (Author, uin)
Format: Article
Language:Hungarian
PhysicalDescription:Fotogr.
ISSN:1335-6631
Subjects:

MARC

LEADER 00000nab a2200000 a 4500
001 vtls000763394
003 SK-MaSNL
005 20260318114246.0
008 160405c2001 xo 0 hun
015 |a SNBRB2001/07-21711 
035 |a CLN000115181 
040 |a SNKBUCL  |b slo  |c SNKBUCL  |e AACR2 
041 0 |a hun 
044 |a xo  |c SK 
080 |a 628.4(437.6):340.13  |2 1997 
080 |a 349.6  |2 1997 
080 |a 340.13(437.6)  |2 1997 
080 |a 504.064.4(437.6)  |2 1997 
100 1 |a Szabó, Géza,  |d 1940-  |4 ain  |9 840437 
245 1 0 |a Miklós László környezetvédelmi miniszter: A harc most kezdődik  |c [beszélgetett] Szabó Géza 
300 |b Fotogr. 
650 0 7 |a odpad  |x zákony  |z Slovensko  |2 snkbucl  |9 855930 
655 7 |a články z novín a časopisov  |2 snkbucl  |9 267496 
700 1 |a Miklós, László,  |d 1949-  |4 aut  |4 uin  |9 98270 
773 0 |x 1335-6631  |t Szabad újság  |g Roč. 9, č. 24 (2001), s. 1 a 3 
850 |a Slovenská národná knižnica v Martine 
852 |a SNK  |b KIS3GCP 
958 |a HU 
958 |a SK 
958 |a RBX 
999 |c 3357539  |d 3359469